| 000 | 00473nam a2200193Ia 4500 | ||
|---|---|---|---|
| 008 | 151121s9999||||xx |||||||||||||| ||und|| | ||
| 082 | _a824/Moo | ||
| 082 | _bHNW-2745 | ||
| 100 | _aMookerji R। K। | ||
| 245 | 4 | _aThe commonal problem | |
| 260 | _bPadma Pub | ||
| 260 | _c-- | ||
| 300 | _a100 | ||
| 600 | _aMookerji R। K। | ||
| 630 | _aThe commonal problem | ||
| 700 | _aMookerji R। K। | ||
| 730 | _aThe commonal problem | ||
| 942 | _cBOOK | ||
| 999 |
_c1211565 _d1211562 |
||